| 000 | 00896nam a22003497a 4500 | ||
|---|---|---|---|
| 001 | BR8707106 | ||
| 003 | BR-BrBNA | ||
| 005 | 20230928092749.0 | ||
| 007 | ta | ||
| 008 | 230509b bl.||||| |||| 00| 0 por d | ||
| 040 |
_aBR-BrBNA _bpor _cBiblioteca Nacional de Agricultura |
||
| 041 | _a(Por) | ||
| 072 |
_aF01 _b3300 _b1400 _b1600 _b1500 |
||
| 090 | _ 3300 BR8707106 | ||
| 100 | 1 | _aGiacometti, D.C. | |
| 245 | 1 | _aJardim, horta e pomar na casa de campo | |
| 250 | 1 | _a4. ed. | |
| 260 | 3 |
_aSao Paulo, SP (Brasil): _bNobel, _c1987. |
|
| 300 | _a161 p. | ||
| 500 | _a14 tables; 12 illus.; 35 ref. | ||
| 650 | _aJARDIM | ||
| 650 | _aPLANTA ORNAMENTAL | ||
| 650 | _aHORTA | ||
| 650 | _aHORTALICA | ||
| 650 | _aHORTICULTURA | ||
| 650 | _aPOMAR | ||
| 650 | _aFRUTA | ||
| 650 | _aARVORE FRUTIFERA | ||
| 650 | _aFRUTICULTURA | ||
| 909 |
_a202309 _bLucia _c55 _dLucia Elande |
||
| 942 | _cBK | ||
| 999 |
_c41058 _d41058 |
||